| 000 | 00750nam a2200289Ia 4500 | ||
|---|---|---|---|
| 005 | 20260324130655.0 | ||
| 008 | 008 260324s9999 xx 000 0 eng d | ||
| 020 | _a9780429137570 | ||
| 037 | _aEBOOK | ||
| 040 | _aCRL | ||
| 040 | _beng | ||
| 040 | _cCRL | ||
| 041 | _2eng | ||
| 041 | _aeng | ||
| 084 | _qCRL | ||
| 100 |
_aSuren Singhal; Dan M. Ghiocel; Efstratios Nikolaidis _91182668 |
||
| 245 | 0 | _aEngineering Design Reliability Applications | |
| 245 | 0 | _bFor the Aerospace, Automotive and Ship Industries | |
| 260 | _bTaylor and Francis | ||
| 260 | _c2007 | ||
| 365 | _a | ||
| 365 | _b370 | ||
| 856 | _uhttp://www.taylorfrancis.com/books/9780429137570 | ||
| 942 | _cEBOOK | ||
| 999 |
_c1779045 _d1779045 |
||